Dawne waluty państw strefy euro - Statystyki

Ogólne statystyki
  • Ten quiz został rozwiązany 109 razy
    25 od ostatniego zresetowania
  • Średni wynik to 9 z 21
Statystyki odpowiedzi
Państwo Rok przyjęcia euro Dawna waluta % Poprawnych
Niemcy 2002 marka niemiecka
92%
Francja 2002 frank francuski
71%
Słowacja 2009 korona słowacka
71%
Chorwacja 2023 kuna chorwacka
67%
Włochy 2002 lir włoski
63%
Irlandia 2002 funt irlandzki
58%
Belgia 2002 frank belgijski
54%
Luksemburg 2002 frank luksemburski
54%
Holandia 2002 gulden
46%
Litwa 2015 lit litewski
46%
Grecja 2002 drachma grecka
42%
Estonia 2011 korona estońska
42%
Austria 2002 szyling austriacki
42%
Łotwa 2014 łat łotewski
38%
Finlandia 2002 marka fińska
38%
Hiszpania 2002 peseta hiszpańska
33%
Portugalia 2002 escudo
25%
Cypr 2008 funt cypryjski
21%
Bułgaria 2026 lew bułgarski
17%
Malta 2008 lira maltańska
17%
Słowenia 2007 tolar słoweński
13%
Nie znaleziono quizów pasujących do podanych kryteriów
Rozkład punktacji
Procent ludzi z każdym wynikiem
Percentyl według liczby udzielonych odpowiedzi
Twoja historia wyników
Nie rozwiązałeś tego quizu od ostatniego zresetowania